Statistiques concernant Pays et villes les plus tagués sur Instagram

Cliquez ici pour prendre le quiz!

Statistiques générales

  • Ce quiz a été pris 852 fois
  • Le résultat moyen est 23 sur 40

Statistiques - réponses

Nombre de tagsPays ou ville% Correct
136 666 629Paris (#Paris)
97%
98 070 358France (#France)
95%
128 175 677Etats-Unis (#USA)
94%
140 008 823New York (#NYC)
92%
156 800 377Japon (#Japan)
88%
71 796 024Espagne (#Spain)
87%
65 484 146Royaume-Uni (#UK)
86%
157 196 161Londres (#London)
84%
124 803 760Brésil (#Brasil)
83%
77 779 994Canada (#Canada)
83%
154 631 218Italie (#Italy)
83%
72 632 797Russie (#Russia)
81%
89 752 006Mexico (#Mexico)
79%
89 752 006Mexique (#Mexico)
79%
59 775 698Tokyo (#Tokyo)
79%
72 800 728Allemagne (#Germany)
76%
79 730 596Los Angeles (#LosAngeles)
76%
75 078 581Australie (#Australia)
75%
177 159 059Inde (#India)
74%
51 036 899Berlin (#Berlin)
67%
67 047 317Barcelone (#Barcelona)
66%
59 791 380Moscou (#Moscow)
63%
72 576 818Turquie (#Turkey)
49%
120 420 278Dubaï (#Dubai)
48%
124 539 528Indonésie (#Indonesia)
46%
74 419 652Thaïlande (#Thailand)
46%
85 527 959Miami (#Miami)
42%
69 147 156Emirats Arabes Unis (#UAE)
36%
125 448 180Istanbul (#Istanbul)
36%
54 015 009Chicago (#Chicago)
32%
81 604 581Colombie (#Colombia)
31%
54 778 480Mumbai (#Mumbai)
30%
53 370 390Toronto (#Toronto)
28%
65 406 390Chili (#Chile)
25%
77 903 119Jakarta (#Jakarta)
24%
84 666 753Venezuela (#Venezuela)
11%
56 858 522Ankara (#Ankara)
10%
58 236 164Koweït (#Kuwait)
3%
55 404 604Bandung (#Bandung)
1%
55 242 734Izmir (#Izmir)
1%

Distribution des résultats

Percentile par nombre de réponses

% des personnes avec chaque résultat

Votre développement - résultats

Vous n’avez pas pris ce quiz